<?xml version="1.0" encoding="UTF-8"?>
<record
    xmlns:xsi="http://www.w3.org/2001/XMLSchema-instance"
    xsi:schemaLocation="http://www.loc.gov/MARC21/slim http://www.loc.gov/standards/marcxml/schema/MARC21slim.xsd"
    xmlns="http://www.loc.gov/MARC21/slim">

  <leader>00305nam a22001097a 4500</leader>
  <controlfield tag="008">151202b        xxu||||| |||| 00| 0 eng d</controlfield>
  <datafield tag="020" ind1=" " ind2=" ">
    <subfield code="a">0618052917</subfield>
  </datafield>
  <datafield tag="100" ind1=" " ind2=" ">
    <subfield code="a">Ron Larson Robert P. Hostetler Bruce H.Edwards</subfield>
  </datafield>
  <datafield tag="245" ind1=" " ind2=" ">
    <subfield code="a">Precalculus with Limits</subfield>
    <subfield code="b">A Graphing Approach</subfield>
  </datafield>
  <datafield tag="250" ind1=" " ind2=" ">
    <subfield code="a">3RD ED</subfield>
  </datafield>
  <datafield tag="260" ind1=" " ind2=" ">
    <subfield code="c">2001</subfield>
  </datafield>
  <datafield tag="999" ind1=" " ind2=" ">
    <subfield code="c">251703</subfield>
    <subfield code="d">251703</subfield>
  </datafield>
  <datafield tag="952" ind1=" " ind2=" ">
    <subfield code="0">0</subfield>
    <subfield code="1">0</subfield>
    <subfield code="2">lcc</subfield>
    <subfield code="4">0</subfield>
    <subfield code="7">0</subfield>
    <subfield code="9">2711</subfield>
    <subfield code="a">40404</subfield>
    <subfield code="b">40404</subfield>
    <subfield code="c">GEN</subfield>
    <subfield code="d">2015-12-02</subfield>
    <subfield code="l">0</subfield>
    <subfield code="r">2015-12-02 00:00:00</subfield>
    <subfield code="w">2015-12-02</subfield>
    <subfield code="y">BK</subfield>
  </datafield>
</record>
